MARC details
| 000 -CABECERA |
| campo de control de longitud fija |
01339nam a2200265 i 4500 |
| 003 - IDENTIFICADOR DEL NÚMERO DE CONTROL |
| campo de control |
DO-SdBNP |
| 005 - FECHA Y HORA DE LA ÚLTIMA TRANSACCIÓN |
| campo de control |
20250616150435.0 |
| 007 - CAMPO FIJO DE DESCRIPCIÓN FÍSICA--INFORMACIÓN GENERAL |
| campo de control de longitud fija |
ta |
| 008 - DATOS DE LONGITUD FIJA--INFORMACIÓN GENERAL |
| campo de control de longitud fija |
250616s1992 dr ac r 000 0 spa d |
| 040 ## - FUENTE DE LA CATALOGACIÓN |
| Centro catalogador/agencia de origen |
DO-SdBNP |
| Lengua de catalogación |
spa |
| Centro/agencia transcriptor |
BNPHU |
| Normas de descripción |
rda |
| 082 ## - NÚMERO DE LA CLASIFICACIÓN DECIMAL DEWEY |
| Número de clasificación |
972.9302 |
| Número de documento/Ítem |
S438L |
| Número de edición |
22 |
| 245 03 - MENCIÓN DE TÍTULO |
| Título |
La señal de la luz : |
| Resto del título |
resumen especial para la gobernación del Faro a Colón / |
| 264 #1 - PRODUCCIÓN, PUBLICACIÓN, DISTRIBUCIÓN, FABRICACIÓN Y COPYRIGHT |
| Producción, publicación, distribución, fabricación y copyright |
Santo Domingo : |
| Nombre del de productor, editor, distribuidor, fabricante |
Grupo Selman, |
| -- |
Refrescos Nacionales, |
| -- |
Editora Taller, |
| Fecha de producción, publicación, distribución, fabricación o copyright |
1992. |
| 300 ## - DESCRIPCIÓN FÍSICA |
| Extensión |
32 páginas |
| Otras características físicas |
ilustraciones, retratos ; |
| Dimensiones |
21 cm. |
| 336 ## - TIPO DE CONTENIDO |
| Término de tipo de contenido |
texto |
| Código de tipo de contenido |
txt |
| Fuente |
rdacontent |
| 337 ## - TIPO DE MEDIO |
| Nombre/término del tipo de medio |
sin mediación |
| Código del tipo de medio |
n |
| Fuente |
rdamedia |
| 338 ## - TIPO DE SOPORTE |
| Nombre/término del tipo de soporte |
volumen |
| Código del tipo de soporte |
nc |
| Fuente |
rdacarrier |
| 505 0# - NOTA DE CONTENIDO CON FORMATO |
| Título |
La historia del Faro: 1852-1992 -- |
| Información miscelánea |
Ingeniería de luces. -- |
| Título |
Iemca en el proyecto/ 1986-1992 -- |
| -- |
La proyección de la cruz -- |
| -- |
El rayo central. Luces en cuerpo y brazos de la cruz -- |
| -- |
Iluminación de fachadas y galerías -- |
| -- |
Documentos prueban autenticidad de restos. Los libros de Tejera y el Suplemento de 1916 -- |
| -- |
El Mausoleo: 93 años de provisionalidad en la Catedral -- |
| -- |
Fuente de abastecimiento de energía / |
| 590 ## - NOTA LOCAL (RLIN) |
| Nota local |
Inventariado, 2025/ YL |
| 610 20 - PUNTO DE ACCESO ADICIONAL DE MATERIA--NOMBRE DE ENTIDAD CORPORATIVA |
| Nombre de entidad corporativa o nombre de jurisdicción como elemento de entrada |
Faro a Colón (Santo Domingo, República Dominicana) |
| 9 (RLIN) |
25881 |
| 650 #4 - PUNTO DE ACCESO ADICIONAL DE MATERIA--TÉRMINO DE MATERIA |
| Término de materia o nombre geográfico como elemento de entrada |
Monumentos |
| Subdivisión geográfica |
República Dominicana |
| 9 (RLIN) |
25880 |
| 651 #4 - PUNTO DE ACCESO ADICIONAL DE MATERIA--NOMBRE GEOGRÁFICO |
| Nombre geográfico |
República Dominicana |
| Subdivisión general |
Historia |
| 9 (RLIN) |
170 |
| 910 ## - DATOS DE OPCIÓN DEL USUARIO (OCLC) |
| Datos de opción del usuario |
YLockward |
| 942 ## - ELEMENTOS DE PUNTO DE ACCESO ADICIONAL (KOHA) |
| Fuente del sistema de clasificación o colocación |
Dewey Decimal Classification |
| Tipo de ítem Koha |
Folleto |